Statistics for fast typing 1 to 300

Click here to take the quiz!

General Stats

  • This quiz has been taken 20 times
  • The average score is 238 of 300

Answer Stats

Answer% Correct
1
100%
10
100%
11
100%
12
100%
13
100%
14
100%
15
100%
2
100%
3
100%
4
100%
5
100%
6
100%
61
100%
7
100%
8
100%
9
100%
100
94%
16
94%
17
94%
18
94%
19
94%
20
94%
21
94%
22
94%
23
94%
24
94%
25
94%
26
94%
27
94%
28
94%
29
94%
30
94%
31
94%
32
94%
33
94%
34
94%
35
94%
36
94%
37
94%
38
94%
39
94%
40
94%
41
94%
42
94%
43
94%
44
94%
45
94%
46
94%
47
94%
48
94%
49
94%
50
94%
51
94%
52
94%
53
94%
54
94%
55
94%
56
94%
57
94%
58
94%
59
94%
60
94%
62
94%
63
94%
64
94%
65
94%
66
94%
67
94%
68
94%
69
94%
70
94%
71
94%
72
94%
73
94%
74
94%
75
94%
76
94%
77
94%
78
94%
79
94%
80
94%
84
94%
85
94%
88
94%
90
94%
91
94%
92
94%
93
94%
94
94%
95
94%
96
94%
97
94%
98
94%
99
94%
101
88%
102
88%
120
88%
81
88%
82
88%
83
88%
86
88%
87
88%
89
88%
103
82%
104
82%
105
82%
106
82%
107
82%
108
82%
109
82%
110
82%
111
82%
112
82%
113
82%
114
82%
115
82%
116
82%
117
82%
118
82%
119
82%
121
82%
122
82%
123
82%
124
82%
125
82%
126
82%
127
82%
128
82%
129
82%
130
82%
131
82%
132
82%
133
82%
134
82%
135
82%
136
82%
137
82%
138
82%
139
82%
140
76%
141
76%
142
76%
143
76%
144
76%
145
76%
146
76%
147
76%
148
76%
149
76%
150
76%
151
76%
152
76%
153
76%
154
76%
155
76%
156
76%
157
76%
158
76%
159
76%
160
76%
161
76%
162
76%
163
76%
164
76%
165
76%
166
76%
167
76%
168
76%
169
76%
170
76%
171
76%
172
76%
173
76%
174
76%
175
76%
176
76%
177
76%
178
76%
179
76%
180
76%
181
76%
182
76%
183
76%
184
76%
185
76%
186
76%
187
76%
188
76%
189
76%
190
76%
191
76%
192
76%
193
76%
194
76%
195
76%
196
76%
197
76%
198
76%
199
76%
200
76%
201
76%
202
76%
203
76%
204
76%
205
76%
206
76%
207
76%
208
71%
209
71%
210
71%
211
71%
212
71%
213
71%
214
71%
215
71%
216
71%
217
71%
218
71%
219
71%
220
71%
221
71%
222
71%
230
71%
257
71%
223
65%
224
65%
225
65%
226
65%
227
65%
228
65%
229
65%
231
65%
232
65%
233
65%
234
65%
235
65%
236
65%
237
65%
238
65%
239
65%
240
65%
241
65%
242
65%
243
65%
244
65%
245
65%
246
65%
247
65%
248
65%
249
65%
250
65%
251
65%
252
65%
253
65%
254
65%
255
65%
256
65%
258
65%
259
65%
260
65%
261
65%
262
65%
263
65%
264
65%
265
65%
266
65%
267
65%
268
65%
269
65%
270
65%
300
65%
271
59%
272
59%
273
59%
274
59%
275
59%
276
59%
277
59%
278
59%
279
59%
280
59%
281
59%
282
59%
283
59%
284
53%
285
53%
286
53%
287
53%
288
53%
289
53%
290
53%
291
53%
292
53%
293
53%
294
53%
295
53%
296
53%
297
53%
298
53%
299
53%

Score Distribution

Percentile by Number Answered

Percent of People with Each Score

Your Score History

You have not taken this quiz